000 00658nam a2200181 a 4500
008 120416s2004 ||||||||||||||||| || u
050 _aIBRD(08)
100 _aLanjouw, Peter
245 1 0 _aPoverty alleviation through geographic targeting: how much does disaggregation help?
260 _aWashington, D. C.
_bWorld Bank
_c2004
300 _a41p. : ill.
350 _a0.00
650 _aPOOR--RESEARCH--DEVELOPING COUNTRIES
700 _aYin, Wesley
700 _aElbers, Chris
700 _aOzler, Berk
995 _D0.00
_FCBU-MAIN LIBRARY (Kitwe)
_H1
_I0.00
_UAVAILABLE
_ZInternational Publications
999 _c54096
_d54096